LIBRARY & INFORMATION CENTRE, KCAET, TAVANUR

ONLINE PUBLIC ACCESS CATALOGUE (OPAC)

Instructional Sketches for Engineering Drawing (Record no. 18960)

MARC details
000 -LEADER
fixed length control field 00301nam a22001097a 4500
003 - CONTROL NUMBER IDENTIFIER
control field OSt
008 - FIXED-LENGTH DATA ELEMENTS--GENERAL INFORMATION
fixed length control field 250106b |||||||| |||| 00| 0 eng d
041 ## - LANGUAGE CODE
Language code of text/sound track or separate title eng
245 ## - TITLE STATEMENT
Title Instructional Sketches for Engineering Drawing
260 ## - PUBLICATION, DISTRIBUTION, ETC. (IMPRINT)
Place of publication Calicut:
Name of publisher Engineering College Students Cooperative Society
942 ## - ADDED ENTRY ELEMENTS (KOHA)
Koha item type Books
Holdings
Withdrawn status Lost status Damaged status Home library Current library Date acquired Cost, normal purchase price Accession Number Koha item type
Withdrawn     KAUAET KAUAET 06/01/2025 4.00 13416 Books
free website counter